Memoria leída en la Facultad de Medicina de la Universidad Central (Record no. 164157)

MARC details
000 -LEADER
campo de control de longitud fija 00799nam a22001815i 4500
001 - NÚMERO DE CONTROL
campo de control 164157
003 - IDENTIFICADOR DE NÚMERO DE CONTROL
campo de control ES-MaACL
005 - FECHA Y HORA DE LA ÚLTIMA TRANSACCIÓN
campo de control 20230906212900.0
008 - DATOS DE LONGITUD FIJA--INFORMACIÓN GENERAL
campo de control de longitud fija 030220s1896 sp |||| | spa d
040 ## - FUENTE DE CATALOGACIÓN
Centro catalogador/agencia de origen CCPB | B
Lengua de catalogación spa
Centro/agencia transcriptor CCPB | B
100 1# - ENTRADA PRINCIPAL--NOMBRE DE PERSONA
Nombre de persona Ruiz de Arcaute, Luis.
9 (RLIN) 132179
245 10 - MENCIÓN DEL TÍTULO
Título Memoria leída en la Facultad de Medicina de la Universidad Central
Resto del título : en el acto de aspirar al grado de doctor en la misma facultad el dia 7 de diciembre de 1896 /
Mención de responsabilidad, etc. por Luis Ruiz de Arcaute.
260 ## - PUBLICACIÓN, DISTRIBUCIÓN, ETC.
Lugar de publicación, distribución, etc. Madrid :
Nombre del editor, distribuidor, etc. Imprenta y librería de Nicolás Moya,
Fecha de publicación, distribución, etc. 1896.
300 ## - DESCRIPCIÓN FÍSICA
Extensión 23 p. ;
Dimensiones 26 cm.
500 ## - NOTA GENERAL
Nota general Tema: Profilaxis de la tuberculosis.
650 #4 - PUNTO DE ACCESO ADICIONAL DE MATERIA--TÉRMINO DE MATERIA
Término de materia o nombre geográfico como elemento de entrada Tuberculosis-
Subdivisión general Prevención.
9 (RLIN) 139265
852 ## - LOCALIZACIÓN
Ubicación ES-MaACL
Número de control de estantería T-836-F-7
Nota libre -- Enc. hol. conservando la cub. original
-- -- Enc. en un vol. facticio
Holdings
Estatus retirado Estado de pérdida Estado de daño No para préstamo Colección Biblioteca de origen Biblioteca actual Ubicación en estantería Fecha de adquisición Total de préstamos Signatura topográfica completa Código de barras Visto por última vez Precio de reemplazo Tipo de ítem Koha
        Colección de folletos Biblioteca del Ateneo de Madrid Biblioteca del Ateneo de Madrid Depósito folletos 17/01/2008   T-836-F-7 1172048 23/02/2023 23/02/2023 Folleto